000 02183nam a22003134a 4500
003 BOLpUSFA
005 20260520181057.0
008 t bo gr 001 | spa||
017 _a4-1-7730-2025
040 _aBOLpUSFA
041 _aspa
044 _cBO
082 _aBO 305.31
_bC579e 6to.
110 _aCentro de Investigación Social Tecnología Apropiada y Capacitación (CISTAC)
245 _a6to. Encuentro de trabajo en masculinidades y cuidados. Bolivia 2025
260 _aLa Paz:
_bCISTAC,
_c2025
300 _a58 p.
520 _aSEXTO ENCUENTRO DE TRABAJO EN MASCULINIDADES Y CUIDADOS "POR EL SOSTENIMIENTO DE LA VIDA" CISTAC-Masculinidades, en coordinación con CIUDADANÍA-Comunidad de Estudio Sociales y Acción Pública y con el apoyo de We Effect y Pan para el Mundo, convocó y realizó el Sexto Encuentro de Trabajo en Masculinidades y Cuidados, titulado "Por el sostenimiento de la vida", llevado a cabo de manera virtual los días 21 y 22 de agosto de 2025. El encuentro tuvo como propósito general evaluar e identificar los principales desafíos para la inclusión de la agenda de cuidados dentro del Trabajo en masculinidades en el país, considerando los avances y reflexiones acumuladas hasta la fecha. Entre sus objetivos específicos se encontraban evaluar el proceso de incorporación de la agenda de cuidados en el Trabajo en masculinidades, informar y sensibilizar a la Red Boliviana de Trabajo en Masculinidades sobre el enfoque de ecocuidado y analizar la propuesta política que esta agenda representa en el marco de dicho trabajo. Para ello, el encuentro incluyó un panel dedicado al recorrido de los cinco encuentros anteriores de Masculinidades y Cuidados, un taller sobre ecocuidado desde el Trabajo en masculinidades y una mesa redonda estructurada que abordó los desafíos para avanzar en una agenda de cuidados dentro de este campo de acción.
650 _aMasculinidades
650 _aSeminario
650 _aMemoria
650 _aHombres
650 _aDerechos humanos
650 _aMachismo
650 _aMedio ambiente
650 _aEconomía
651 _aLatinoamérica
942 _2ddc
_cLI
_zLLO
999 _c9720
_d9720